[Event "74th NY Masters"]
[Site "New York USA"]
[Date "2003.09.23"]
[Round "2"]
[White "Ehlvest,J"]
[Black "Stripunsky,A"]
[Result "1-0"]
[WhiteElo "2587"]
[BlackElo "2543"]

1.d4 d5 2.c4 c6 3.Nf3 Nf6 4.Nc3 e6 5.Bg5 h6 6.Bh4 dxc4 7.e4 g5 8.Bg3 b5 9.Be2 Bb7
10.h4 g4 11.Ne5 h5 12.O-O Nbd7 13.Qc2 Nxe5 14.Bxe5 Rg8 15.Rad1 Nd7 16.Bg3 e5
17.dxe5 Qe7 18.b3 b4 19.Nd5 cxd5 20.exd5 c3 21.e6 O-O-O 22.exd7+ Rxd7 23.Bd3 Rd6
24.Rfe1 Qd8 25.Bb5 Qf6 26.Qe4 Bg7 27.Qxb4 Rgd8 28.Qc5+ Kb8 29.Re8  1-0

[Event "Curacao Open"]
[Site "Willemstad AHO"]
[Date "2003.10.25"]
[Round "1"]
[White "Ehlvest,J"]
[Black "Malmdin,N"]
[Result "1/2-1/2"]
[WhiteElo "2602"]
[BlackElo "2190"]

1.d4 Nf6 2.c4 e6 3.Nc3 Bb4 4.Qc2 c5 5.dxc5 Na6 6.a3 Bxc3+ 7.Qxc3 Nxc5 8.b4 Nce4
9.Qd4 d5 10.c5 b6 11.cxb6 Qxb6 12.Qxb6 axb6 13.e3 Bd7 14.Bb2 Ke7 15.Bd3 Nd6
16.Nf3 Nc4 17.Bd4 Rhb8 18.Ke2 Rb7 19.Ne5 Nxe5 20.Bxe5 h6 21.Rhc1 Ne8 22.e4 f6
23.Bb2 Nd6 24.exd5 exd5 25.f3 Nc4 26.Bd4 Rxa3 27.Rxa3 Nxa3 28.Ke3 Nb5 29.Bxb5 Bxb5  1/2-1/2

[Event "Curacao Open"]
[Site "Willemstad AHO"]
[Date "2003.10.26"]
[Round "2"]
[White "Bick,J"]
[Black "Ehlvest,J"]
[Result "0-1"]
[WhiteElo "2277"]
[BlackElo "2602"]

1.d4 Nf6 2.c4 g6 3.Nc3 Bg7 4.e4 d6 5.f3 O-O 6.Be3 a6 7.Nge2 b6 8.Qd2 c5 9.d5 Nbd7
10.Rd1 b5 11.cxb5 axb5 12.Nxb5 Rxa2 13.Nec3 Ra8 14.Be2 Ba6 15.O-O Nb6 16.Ra1 Nfd7
17.Bh6 Nf6 18.Bxg7 Kxg7 19.b3 Nbd7 20.Bc4 Qb6 21.Ra2 Bb7 22.Rfa1 Rxa2 23.Rxa2 Ne5
24.f4 Nxc4 25.bxc4 Ba6 26.Qb2 Kg8 27.e5 dxe5 28.fxe5 Nd7 29.Qa1 Bxb5 30.Nxb5 Rb8
31.d6 exd6 32.exd6 Re8 33.Nc7  0-1

[Event "Curacao Open"]
[Site "Willemstad AHO"]
[Date "2003.10.28"]
[Round "4"]
[White "Dekker,Marv"]
[Black "Ehlvest,J"]
[Result "0-1"]
[WhiteElo "2196"]
[BlackElo "2602"]

1.d4 Nf6 2.c4 e6 3.Nf3 d5 4.Nc3 Be7 5.Bg5 O-O 6.cxd5 exd5 7.e3 c6 8.Bd3 Bg4
9.h3 Bh5 10.O-O Nbd7 11.Rb1 Ne4 12.Bxe7 Qxe7 13.Be2 f5 14.Nd2 Bxe2 15.Qxe2 a5
16.Ncxe4 fxe4 17.a3 a4 18.Rfc1 Nb6 19.b4 axb3 20.Rxb3 Nc8 21.Rcb1 Nd6 22.Ra1 Ra7
23.Qd1 Qf6 24.Qe2 Rfa8 25.Qg4 Qe7 26.Nb1 Rf8 27.Nc3 Rf6 28.Ne2 Rg6 29.Qf4 Ra8
30.Qe5 Qf7 31.Nf4 Rf6 32.Qg5 Rf8 33.Rf1 Nc4 34.Rc3 b5 35.Qg4 Kh8 36.f3 exf3
37.Rxf3 Nd2  0-1

[Event "Curacao Open"]
[Site "Willemstad AHO"]
[Date "2003.10.31"]
[Round "6"]
[White "Van der Weide,K"]
[Black "Ehlvest,J"]
[Result "1/2-1/2"]
[WhiteElo "2427"]
[BlackElo "2602"]

1.e4 g6 2.d4 d6 3.Nc3 c6 4.h3 Bg7 5.Nf3 Nf6 6.Bd3 Nbd7 7.Be3 e5 8.Qd2 O-O
9.O-O Qc7 10.Rad1 b5 11.dxe5 dxe5 12.Ne2 Re8 13.Qc3 a6 14.b4 Bb7 15.Nd2 c5
16.bxc5 Rac8 17.a4 bxa4 18.Rb1 Bf8 19.Qb4 Rb8 20.Qxa4 Bxc5 21.Bg5 Bc6 22.Qxa6  1/2-1/2

[Event "Curacao Open"]
[Site "Willemstad AHO"]
[Date "2003.11.01"]
[Round "7"]
[White "Ehlvest,J"]
[Black "Metz,Ha"]
[Result "1-0"]
[WhiteElo "2602"]
[BlackElo "2325"]

1.d4 c6 2.c4 d5 3.Nf3 Nf6 4.Nc3 dxc4 5.a4 Bf5 6.e3 e6 7.Bxc4 Nbd7 8.O-O Bb4
9.Nh4 Bg4 10.f3 Bh5 11.g4 Nd5 12.Qe1 Bg6 13.Bd2 N5b6 14.Be2 a5 15.e4 c5 16.dxc5 Nxc5
17.Bb5+ Kf8 18.Be3 Qe7 19.Qf2 Nbd7 20.Na2 b6 21.Rfd1 Ne5 22.Nxb4 axb4 23.Be2 Ned7
24.Rac1 Kg8 25.Bb5 Nf8 26.Ng2 h5 27.g5 e5 28.Rd5 h4 29.Nxh4 Rh5 30.Qg3 Rd8
31.Rcd1 Rxd5 32.Rxd5 Qa7 33.Ng2 Nfe6 34.h4 Kh7 35.Rxe5 Nxa4 36.Bxa4 Qxa4
37.Qe1 b3 38.Qc1 Nd4 39.Kf2 f6 40.Re7 Nc6 41.Rc7 Ne5 42.Qc3  1-0

[Event "Curacao Open"]
[Site "Willemstad AHO"]
[Date "2003.11.02"]
[Round "8"]
[White "Shabalov,A"]
[Black "Ehlvest,J"]
[Result "1/2-1/2"]
[WhiteElo "2597"]
[BlackElo "2602"]

1.e4 e5 2.Nf3 Nc6 3.Bb5 a6 4.Ba4 Nf6 5.O-O Be7 6.Re1 b5 7.Bb3 O-O 8.h3 d6
9.c3 Re8 10.d4 Bb7 11.a4 h6 12.Nbd2 Bf8  1/2-1/2

[Event "Curacao Open"]
[Site "Willemstad AHO"]
[Date "2003.11.03"]
[Round "9"]
[White "Ehlvest,J"]
[Black "Gulko,B"]
[Result "1/2-1/2"]
[WhiteElo "2602"]
[BlackElo "2597"]

1.e4 e6 2.d4 d5 3.Nc3 Bb4 4.e5 b6 5.a3 Bf8 6.f4 Nh6 7.Be3 Ba6 8.Bxa6 Nxa6
9.Nce2 c5 10.c3 Qd7 11.Nf3 Be7 12.Bf2 c4 13.h3 f5 14.exf6 gxf6 15.Ng3 Nc7
16.f5 O-O-O 17.fxe6 Qxe6+ 18.Qe2 Rhg8 19.O-O Qxe2 20.Nxe2 Bd6 21.Bh4 Rde8
22.Rae1 Re6 23.Nc1 Nf5 24.Bf2 Kd7 25.Nh4 Ne7 26.Rxe6 Nxe6 27.Be3 Ng5 28.Rxf6 Nxh3+
29.Kf1 Ng5 30.Ne2 Ne6 31.Bh6 Rg4 32.Nf5 Nxf5 33.Rxf5 Kc6 34.Kf2 Rg6 35.Be3 b5
36.g3 a5 37.Kf3 Rg7 38.Rf6 Ng5+ 39.Bxg5 Rxg5 40.Nf4 Rg7 41.g4 b4 42.axb4 axb4
43.Nh5 bxc3 44.bxc3 Rg6 45.Rf5 Be7 46.Nf4 Rf6 47.Ke2  1/2-1/2

[Event "83rd NY Masters"]
[Site "New York USA"]
[Date "2003.11.25"]
[Round "2"]
[White "Shahade,G"]
[Black "Ehlvest,J"]
[Result "0-1"]
[WhiteElo "2441"]
[BlackElo "2602"]

1.e4 c5 2.Nf3 e6 3.d4 cxd4 4.Nxd4 Nf6 5.Nc3 d6 6.Be2 Be7 7.Be3 a6 8.g4 d5
9.e5 Nfd7 10.f4 Bh4+ 11.Kf1 Nc6 12.Bd3 Be7 13.Qf3 Bc5 14.Qf2 Bxd4 15.Bxd4 f6
16.exf6 Nxf6 17.Bc5 d4 18.Ne4 Qd5 19.c4 dxc3 20.Nd6+ Kd7 21.Ke2 Nxg4 22.Qg1 Qh5
23.Ke1 b6 24.Ba3 cxb2 25.Rd1 Qa5+ 26.Ke2 Qxa3 27.Qxg4 Nd4+ 28.Kf2 Qxd6 29.Qxg7+ Kc6
30.Be4+ Kc5 31.Qg5+ e5 32.Bxa8 Rf8 33.Ke1 Rxf4 34.Qg8 Bg4 35.Qb3 Nxb3  0-1

[Event "87th Marshall CCC"]
[Site "New York USA"]
[Date "2003.12.07"]
[Round "1"]
[White "Ehlvest,J"]
[Black "Treger,E"]
[Result "1-0"]
[WhiteElo "2602"]
[BlackElo "2246"]

1.d4 Nf6 2.c4 g6 3.Nc3 Bg7 4.Nf3 d6 5.Bg5 c6 6.e4 h6 7.Be3 Qa5 8.Bd3 Na6
9.O-O Bg4 10.h3 Bxf3 11.Qxf3 Nh7 12.Qd1 e5 13.d5 Qd8 14.dxc6 bxc6 15.Qa4 Qc8
16.b4 Nb8 17.c5 dxc5 18.Bxc5 Bf8 19.Be3 Nd7 20.Ba6 Qc7 21.Rac1 Nb6 22.Nd5 Qd7
23.Bxb6 axb6 24.Nxb6 Rxa6 25.Qxa6 Qe6 26.Qa8+ Ke7 27.Rxc6  1-0

[Event "87th Marshall CCC"]
[Site "New York USA"]
[Date "2003.12.07"]
[Round "9"]
[White "Ehlvest,J"]
[Black "Privman,B"]
[Result "1/2-1/2"]
[WhiteElo "2602"]
[BlackElo "2240"]

1.Nf3 d5 2.d4 Nf6 3.c4 c6 4.e3 g6 5.Nc3 Bg7 6.Bd3 O-O 7.h3 Nbd7 8.O-O dxc4
9.Bxc4 b5 10.Bb3 a6 11.e4 b4 12.e5 bxc3 13.exf6 cxb2 14.Bxb2 Bxf6  1/2-1/2

[Event "North American Open"]
[Site "Las Vegas USA"]
[Date "2003.12.29"]
[Round "6"]
[White "Ehlvest,J"]
[Black "Ibragimov,I"]
[Result "1-0"]
[WhiteElo "2602"]
[BlackElo "2567"]

1.e4 e6 2.d4 d5 3.e5 c5 4.c3 Qb6 5.Nf3 Bd7 6.Bd3 cxd4 7.Nxd4 Nc6 8.Nxc6 bxc6
9.O-O Ne7 10.Nd2 Ng6 11.Nf3 Be7 12.Re1 c5 13.Rb1 Bb5 14.Bc2 a5 15.Ng5 Rd8
16.b3 Rd7 17.Qf3 Bd8 18.Qh3 Nf8 19.Bd2 h6 20.Nf3 d4 21.cxd4 cxd4 22.Be4 Ng6
23.Rbc1 Ne7 24.Qg4 g6 25.b4 Qa6 26.bxa5 Bxa5 27.Bxa5 Qxa5 28.Qf4 d3 29.Red1 Qa4
30.h4 Nd5 31.Qd2 Qxe4 32.Rc8+ Rd8 33.Rxd8+ Kxd8 34.Qa5+ Nc7 35.Rc1 Qb7 36.Nd4 Bd7
37.Nb3 Re8 38.a4 Re7 39.Nc5 Qd5 40.Rd1 Qxe5 41.Nb7+  1-0

[Event "Western Class Championships"]
[Site "Agoura Hills USA"]
[Date "2004.01.17"]
[Round "3"]
[White "Blatny,P"]
[Black "Ehlvest,J"]
[Result "1/2-1/2"]
[WhiteElo "2452"]
[BlackElo "2602"]

1.e4 c5 2.c3 e6 3.d4 d5 4.exd5 Qxd5 5.Nf3 cxd4 6.cxd4 Nf6 7.Nc3 Qd6 8.Bg5 Be7
9.Qd2 Nc6 10.Rd1 O-O 11.a3 h6 12.Bh4 Nd5 13.Bg3 Qd8 14.Bc4 Nxc3 15.Qxc3 Qa5
16.Qxa5 Nxa5 17.Ba2 b5 18.d5 Nc4 19.d6 Bf6 20.Bxc4 bxc4 21.Ne5 Bxe5 22.Bxe5 Rd8
23.Bc3 a5 24.h4 Bb7 25.Rh3 f6 26.f4 h5 27.Kf2 Kf7 28.Re3 Ra6 29.Rd4 Bd5 30.f5 Rdxd6
31.fxe6+ Bxe6 32.Rxd6 Rxd6 33.Bxa5 Rd4 34.g3 Rd5 35.Bc3 Bd7 36.Re4 Bb5 37.Bb4 Rd7
38.Bc3 Rd3 39.Rd4 Rxd4 40.Bxd4 Ke6 41.Ke3 Kd5 42.Bc3 Ba4 43.Kf4 Bd1 44.Bb4 Kc6
45.Bf8 g5+ 46.hxg5 fxg5+ 47.Kxg5 Kb5 48.Bg7 Be2 49.Bc3  1/2-1/2

[Event "Western Class Championships"]
[Site "Agoura Hills USA"]
[Date "2004.01.18"]
[Round "5"]
[White "Matikozian,A"]
[Black "Ehlvest,J"]
[Result "1-0"]
[WhiteElo "2466"]
[BlackElo "2602"]

1.e4 c5 2.Nc3 g6 3.Nf3 Bg7 4.Bc4 Nc6 5.O-O a6 6.Bd5 Nd4 7.Nxd4 cxd4 8.Ne2 Nf6
9.c3 d3 10.Nf4 e6 11.Bb3 Nxe4 12.Nxd3 d5 13.Qf3 O-O 14.Nf4 Bd7 15.d4 a5 16.Bc2 Nd6
17.Qg3 Ne4 18.Qf3 Bc6 19.a4 Re8 20.Nd3 f6 21.Be3 Nd6 22.Rfe1 e5 23.dxe5 fxe5
24.Qg4 Nf5 25.Rad1 Kh8 26.Bc1 Rc8 27.b4 b6 28.Bb3 Bd7 29.Bg5 Qc7 30.Qe2 d4
31.cxd4 Nxd4 32.Qa2 e4 33.Nf4 Qe5 34.h4 axb4 35.Rxd4 Qxd4 36.Rd1 Qc3 37.Rxd7 e3
38.fxe3 Qxe3+ 39.Kh2 Be5 40.g3 Qe4 41.Qg2 Qb1 42.Qd5  1-0

[Event "Aeroflot Open"]
[Site "Moscow RUS"]
[Date "2004.02.18"]
[Round "2"]
[White "Novikov,S"]
[Black "Ehlvest,J"]
[Result "1/2-1/2"]
[WhiteElo "2515"]
[BlackElo "2602"]

1.Nf3 g6 2.c4 Bg7 3.d4 Nf6 4.Nc3 O-O 5.e4 c6 6.Be2 d6 7.O-O Na6 8.Re1 e5
9.Bf1 Bg4 10.d5 Nb4 11.Be2 a5 12.Bg5 h6 13.Be3 Bd7 14.Nd2 Na6 15.a3 h5 16.Bg5 Qe8
17.dxc6 bxc6 18.Nb3 Qb8 19.c5 Be6 20.Nxa5 Nxc5 21.Bxf6 Bxf6 22.b4 Qc7 23.Nxc6 Qxc6
24.bxc5 Rfc8 25.a4 Qxc5 26.Nb5 d5 27.exd5 Bxd5 28.Qd2 Be6 29.Rec1 Qe7 30.Rxc8+ Rxc8
31.a5 e4 32.Rd1 Bb3 33.Rb1 Rd8 34.Qe1 Bd5 35.a6 Bc6 36.Rd1 Rxd1 37.Qxd1 Bxb5
38.Bxb5 Qc5 39.Bf1 Bd4 40.Qe2 Kg7 41.g3 e3 42.fxe3 Bxe3+ 43.Kg2 Qd5+  1/2-1/2

[Event "96th NY Masters"]
[Site "New York USA"]
[Date "2004.03.23"]
[Round "3"]
[White "Ehlvest,J"]
[Black "Hoffmann,As"]
[Result "1/2-1/2"]
[WhiteElo "2602"]
[BlackElo "2290"]

1.d4 Nf6 2.c4 c5 3.d5 e5 4.Nc3 d6 5.e4 Be7 6.h3 Nbd7 7.Nf3 Nf8 8.Be3 a6 9.a4 b6
10.Rb1 Ng6 11.Bd3 O-O 12.g3 Bd7 13.Kf1 a5 14.Qd2 Ne8 15.Ke2 Qc8 16.Ng1 f5
17.exf5 Bxf5 18.Bxf5 Qxf5 19.Qd3 Qf7 20.Ne4 h6 21.h4 Nf6 22.Nxf6+ Qxf6 23.Qe4 Rf7
24.Kd2 Raf8 25.Ne2 Bd8 26.Rbg1 Ne7 27.g4 Qg6 28.Nc3 Rf3 29.Rg2 Qe8 30.h5 Kh8
31.Ke2 R3f4 32.Qd3 e4 33.Qd2 Rf3 34.Qc2 Ng8 35.Qxe4 Qf7 36.Kd1 Re8 37.Qg6 Qf8
38.Re1 Bf6 39.Bd2 Rxe1+ 40.Kxe1 Bd4 41.Ne4 Nf6 42.Kd1 Nxe4 43.Qxe4 Rxf2 44.Rxf2 Qxf2
45.Qf5 Qg1+ 46.Kc2 Bf6 47.Qc8+ Kh7 48.Qf5+ Kh8 49.Qf4 Be5 50.Qf8+ Kh7 51.Qf5+ Kh8
52.g5 hxg5 53.Qf8+ Kh7 54.Qf5+ Kh8 55.Qf8+  1/2-1/2

[Event "V Millennium Festival"]
[Site "Virginia Beach USA"]
[Date "2004.04.03"]
[Round "2"]
[White "Ehlvest,J"]
[Black "Burden,J"]
[Result "1/2-1/2"]
[WhiteElo "2602"]
[BlackElo "2123"]

1.d4 Nf6 2.Nf3 g6 3.c4 Bg7 4.Nc3 O-O 5.Bg5 d6 6.e3 Nbd7 7.Qc2 c5 8.Be2 a6
9.O-O Rb8 10.Rfd1 cxd4 11.Nxd4 Qa5 12.Bh4 Ne5 13.a3 Bg4 14.f3 Be6 15.Nxe6 fxe6
16.b4 Qc7 17.Qb3 Rbc8 18.c5 dxc5 19.Qxe6+ Kh8 20.b5 c4 21.Bg3 Nh5 22.Nd5 Nxg3
23.Nxc7 Nxe2+ 24.Kf1 Nc3 25.b6 Nxd1 26.Rxd1 c3 27.Qd5 Rf6 28.Qxb7 Rcf8 29.Ke2 Nc4
30.Nd5 Rd6 31.Qc7 Nb2 32.Nxc3 Nxd1 33.Nxd1 Rfd8 34.f4 Rd2+ 35.Kf3 R2d7 36.Qc2 Rd2
37.Qb3 R2d3 38.Qc2 Rd2  1/2-1/2

[Event "V Millennium Festival"]
[Site "Virginia Beach USA"]
[Date "2004.04.04"]
[Round "4"]
[White "Ehlvest,J"]
[Black "Potter,JR"]
[Result "1-0"]
[WhiteElo "2602"]
[BlackElo "2276"]

1.e4 c6 2.d4 d5 3.exd5 cxd5 4.c4 Nf6 5.Nc3 e6 6.Nf3 Bb4 7.cxd5 Nxd5 8.Qc2 Nc6
9.Be2 O-O 10.O-O Nf6 11.Rd1 b6 12.d5 exd5 13.Nxd5 Nxd5 14.Ng5 g6 15.Qxc6 Qe7
16.Qxa8 Bb7 17.Qxa7 Ra8 18.Qxa8+ Bxa8 19.Bf3 Bb7 20.Ne4 Qe5 21.Bh6 f5 22.Ng5 Qxb2
23.Rab1 Qc2 24.Rbc1 Qb2 25.Bxd5+ Bxd5 26.Rc8+ Bf8 27.Rxf8+  1-0

[Event "National Open"]
[Site "Las Vegas USA"]
[Date "2004.06.18"]
[Round "1"]
[White "Bick,J"]
[Black "Ehlvest,J"]
[Result "0-1"]
[WhiteElo "2252"]
[BlackElo "2596"]

1.d4 Nf6 2.c4 e6 3.Nc3 Bb4 4.e3 O-O 5.Bd3 d5 6.Nf3 b6 7.O-O Bb7 8.a3 Bd6
9.b4 dxc4 10.Bxc4 Nbd7 11.Re1 a5 12.b5 e5 13.Bb2 Qe7 14.Nh4 g6 15.f4 e4 16.g4 Nd5
17.Nxg6 hxg6 18.Nxd5 Qh4 19.Qe2 Kg7 20.Rf1 Rh8 21.g5 Rh5 22.Rf2 Bxd5 23.Bxd5 Rxg5+
24.fxg5 Qxg5+ 25.Kh1 Qxd5 26.Raf1 f5 27.Rg2 Rh8 28.a4 Nf6 29.Rff2 Rh4 30.Qc2 Rh3
31.Qc1 Ng4 32.Re2 Qb3 33.d5+ Kh6 34.Bd4 Qxd5 35.Rc2 Qf7 36.Qf1 Rf3 37.Qe1 Rh3
38.Qf1 Qe7  0-1

[Event "National Open"]
[Site "Las Vegas USA"]
[Date "2004.06.20"]
[Round "5"]
[White "Ibragimov,I"]
[Black "Ehlvest,J"]
[Result "0-1"]
[WhiteElo "2556"]
[BlackElo "2596"]

1.d4 d5 2.c4 c6 3.Nf3 Nf6 4.e3 Bf5 5.Nc3 e6 6.Nh4 Bg4 7.Qb3 Qc7 8.h3 Bh5
9.Bd2 Nbd7 10.cxd5 exd5 11.Bd3 Bg6 12.Nxg6 hxg6 13.O-O-O Be7 14.Kb1 a5 15.Rc1 Nb6
16.Ne2 O-O 17.g4 Rfc8 18.g5 Nc4 19.Qc2 Nh5 20.Rcg1 Qd7 21.Bc1 b5 22.Ng3 Nxg3
23.Rxg3 c5 24.Qe2 Bd6 25.Rgg1 b4 26.dxc5 Rxc5 27.h4 Ne5 28.h5 a4 29.f4 Nxd3
30.Qxd3 Qe6 31.Bd2 Rc4 32.Rf1 Re4 33.hxg6 fxg6 34.Bc1 b3 35.a3 Bc5 36.Rd1 Rd8
37.Qb5 Rc8 38.Rd3 Rc4 39.Rhd1 Qf5 40.Qb7 Rxc1+ 41.Rxc1 Qxd3+ 42.Ka1  0-1

[Event "Liepajas Rokade"]
[Site "Liepaya LAT"]
[Date "2004.07.30"]
[Round "1"]
[White "Ehlvest,J"]
[Black "Kengis,E"]
[Result "1-0"]
[WhiteElo "2605"]
[BlackElo "2563"]

1.e4 c5 2.Nf3 e6 3.d3 b6 4.g3 Bb7 5.Bg2 g6 6.Bg5 f6 7.Be3 Nh6 8.O-O Bg7 9.Nc3 O-O
10.d4 Na6 11.Re1 Ng4 12.d5 Nxe3 13.Rxe3 f5 14.exf5 exf5 15.d6 Qf6 16.Ne5 Bxg2
17.Kxg2 Rf7 18.Nxf7 Qxf7  1-0

[Event "Liepajas Rokade"]
[Site "Liepaya LAT"]
[Date "2004.07.30"]
[Round "3"]
[White "Ehlvest,J"]
[Black "Van Wely,L"]
[Result "1/2-1/2"]
[WhiteElo "2605"]
[BlackElo "2680"]

1.d4 Nf6 2.Nf3 c5 3.d5 b5 4.Bg5 Ne4 5.Qd3 Nxg5 6.Nxg5 e6 7.Qd2 Be7 8.Nf3 exd5
9.Qxd5 Nc6 10.Nc3 O-O 11.e3 Bf6 12.Qxc5 b4 13.Nd5 Bxb2 14.Rb1 Bf6 15.Bd3 Bb7
16.O-O d6 17.Qb5 Rb8 18.Be4 Ba8 19.Qa4 Rc8 20.Nxb4 Nxb4 21.Rxb4 d5 22.Bd3 a5
23.Rb3 Bc6 24.Qf4 a4 25.Rbb1 a3 26.Nd4 Ba8 27.Rb3 Be7  1/2-1/2

[Event "Liepajas Rokade"]
[Site "Liepaya LAT"]
[Date "2004.07.31"]
[Round "5"]
[White "Ehlvest,J"]
[Black "Kveinys,A"]
[Result "1/2-1/2"]
[WhiteElo "2605"]
[BlackElo "2565"]

1.e4 c5 2.Nf3 e6 3.d3 b6 4.g3 Bb7 5.Bg2 g6 6.Bg5 f6 7.Be3 Bg7 8.Nc3 e5 9.Nd2 Ne7
10.O-O O-O 11.f4 Nbc6 12.Nc4 d6 13.Bh3 f5 14.fxe5 Nxe5 15.Nxe5 Bxe5 16.Bg2 fxe4
17.dxe4 Rxf1+ 18.Qxf1  1/2-1/2

[Event "Liepajas Rokade"]
[Site "Liepaya LAT"]
[Date "2004.07.31"]
[Round "8"]
[White "Zapolskis,A"]
[Black "Ehlvest,J"]
[Result "0-1"]
[WhiteElo "2344"]
[BlackElo "2605"]

1.e4 c5 2.Nf3 e6 3.d4 cxd4 4.Nxd4 Nf6 5.Nc3 d6 6.Be3 a6 7.Bc4 Nc6 8.Qe2 Na5
9.Bd3 b5 10.O-O Qc7 11.a4 b4 12.Na2 d5 13.e5 Qxe5 14.Qd2 Qc7 15.Nxb4 Ng4
16.g3 Nxe3 17.fxe3 g6 18.Rac1 Bh6 19.c3 Bb7 20.Qf2 O-O 21.Rce1 e5 22.Ndc2 Nb3
23.e4 dxe4 24.Bxe4 Nd2 25.Bxb7 Qxb7 26.Rxe5 Nxf1 27.Qxf1 Rfe8 28.Rxe8+ Rxe8
29.Qxa6 Qf3 30.Qf1 Be3+ 31.Nxe3 Qxe3+ 32.Qf2 Qc1+ 33.Kg2 Rd8 34.Qf4 Qxb2+
35.Kh3 Qxc3  0-1

[Event "Liepajas Rokade"]
[Site "Liepaya LAT"]
[Date "2004.07.31"]
[Round "9"]
[White "Ehlvest,J"]
[Black "Sveshnikov,V"]
[Result "1-0"]
[WhiteElo "2605"]
[BlackElo "2186"]

1.e4 c5 2.Nf3 Nc6 3.Bb5 e6 4.Bxc6 bxc6 5.d3 Ne7 6.Qe2 Qc7 7.Ng5 Ng6 8.Nc3 h6
9.Nh3 e5 10.O-O d6 11.Qh5 Be7 12.Ne2 Nh4 13.Bg5 Bxh3 14.Bxh4 g6 15.Qf3 Bxg2
16.Qxg2 Bxh4 17.f4 Bf6 18.Kh1 exf4 19.Nxf4 Bxb2 20.Rab1 Be5 21.Qh3 Bxf4 22.Rxf4 h5
23.Rg1 Qe7 24.Qf3 Rf8 25.e5 d5 26.d4 Kd7 27.Rd1 Kc7 28.Rf1 Kb6 29.Rf6 cxd4
30.e6  1-0

[Event "Liepajas Rokade"]
[Site "Liepaya LAT"]
[Date "2004.07.31"]
[Round "10"]
[White "Sveshnikov,E"]
[Black "Ehlvest,J"]
[Result "0-1"]
[WhiteElo "2508"]
[BlackElo "2605"]

1.e4 c6 2.d4 d5 3.exd5 cxd5 4.Nf3 Nf6 5.c3 Qc7 6.g3 Bg4 7.h3 Bxf3 8.Qxf3 e6
9.Bd3 Nc6 10.O-O Bd6 11.Bg5 Nd7 12.Nd2 O-O 13.Qg2 a6 14.Be3 Kh8 15.f4 f5
16.g4 fxg4 17.Qxg4 Nf6 18.Qh4 Ne7 19.Nf3 Nf5 20.Bxf5 exf5 21.Ne5 Bxe5 22.dxe5 Ne4
23.Kh1 Rae8 24.Rg1 Re6 25.Qe1 Rh6 26.Qf1 Rh4 27.Bd4 h6 28.Rd1 Kh7 29.Rd3 g5
30.fxg5  0-1

[Event "Liepajas Rokade"]
[Site "Liepaya LAT"]
[Date "2004.08.01"]
[Round "12"]
[White "Ehlvest,J"]
[Black "Neiksans,A"]
[Result "0-1"]
[WhiteElo "2605"]
[BlackElo "2440"]

1.e4 e5 2.Nf3 Nf6 3.Nxe5 d6 4.Nf3 Nxe4 5.d4 d5 6.Bd3 Nc6 7.O-O Be7 8.c4 Nb4
9.Be2 Be6 10.Nc3 O-O 11.Ne5 f6 12.Nf3 Kh8 13.Re1 Nxc3 14.bxc3 Nc6 15.cxd5 Bxd5
16.Bb2 Na5 17.Nd2 b6 18.c4 Bb7 19.Bc3 Nc6 20.Bf3 Rb8 21.Qa4 Nxd4 22.Bxb7 Rxb7
23.Rxe7 Qxe7 24.Bxd4 c5 25.Be3 Rd7 26.Qc2 Rfd8 27.h3 Rd3 28.Re1 Qf7 29.Nf3 Qg6
30.Qa4 R3d7 31.Bf4 h6 32.Bg3 Qd3  0-1

[Event "Liepajas Rokade"]
[Site "Liepaya LAT"]
[Date "2004.08.01"]
[Round "13"]
[White "Luckans,A"]
[Black "Ehlvest,J"]
[Result "0-1"]
[WhiteElo "2455"]
[BlackElo "2605"]

1.d4 d6 2.Nf3 g6 3.g3 Bg7 4.Bg2 Nf6 5.O-O O-O 6.c4 c6 7.Nc3 Qa5 8.Nd2 Nbd7
9.a3 Qc7 10.b4 e5 11.dxe5 Nxe5 12.Bb2 Be6 13.Rc1 Nxc4 14.Nxc4 Bxc4 15.Ne4 Nxe4
16.Bxg7 Kxg7 17.Rxc4 Nf6 18.b5 d5 19.Bxd5 Qe5 20.Bf3 cxb5 21.Rb4 Rab8 22.a4 a6
23.axb5 a5 24.Rb3 b6 25.Bc6 Rfd8 26.Rd3  0-1

[Event "35th Atlantic Open"]
[Site "Washington DC USA"]
[Date "2004.08.28"]
[Round "4"]
[White "Shabalov,A"]
[Black "Ehlvest,J"]
[Result "1/2-1/2"]
[WhiteElo "2605"]
[BlackElo "2605"]

1.e4 e5 2.Nf3 Nc6 3.Bb5 a6 4.Ba4 Nf6 5.O-O Be7 6.Re1 d6 7.Bxc6+ bxc6 8.d4 exd4
9.Nxd4 Bd7 10.c4 O-O 11.Nc3 c5 12.Nf5 Bxf5 13.exf5 Re8 14.Qf3 Rb8 15.b3 Nd7
16.Bd2 Ne5 17.Qg3 Qd7 18.Bh6 Bf6 19.Bxg7 Bxg7 20.Rxe5 Kh8 21.Rxe8+ Rxe8 22.Qf3 Qe7
23.Rf1 c6 24.Nd1 Qe4 25.Qh5 Kg8 26.Ne3 Re5 27.Qg5 f6 28.Qg3 h5 29.h3 d5 30.cxd5 cxd5
31.Qg6 Qh4 32.Nxd5  1/2-1/2

[Event "35th Atlantic Open"]
[Site "Washington DC USA"]
[Date "2004.08.29"]
[Round "5"]
[White "Ehlvest,J"]
[Black "Ibragimov,I"]
[Result "0-1"]
[WhiteElo "2605"]
[BlackElo "2582"]

1.e4 e5 2.Nf3 Nc6 3.Bb5 a6 4.Ba4 Nf6 5.O-O Be7 6.Re1 b5 7.Bb3 d6 8.c3 O-O
9.d4 Bg4 10.Be3 exd4 11.cxd4 Na5 12.Bc2 Nc4 13.Bc1 c5 14.b3 Nb6 15.Be3 Nfd7
16.h3 Bh5 17.Nbd2 Rc8 18.g4 Bg6 19.d5 Bf6 20.Rb1 Re8 21.Bf4 Qc7 22.Bg3 c4
23.bxc4 bxc4 24.g5 Bc3 25.Re3 Ba5 26.Nd4 c3 27.N2b3 Nc4 28.Re2 Bb6  0-1

[Event "TCh-ISL 2004-5"]
[Site "Reykjavik ISL"]
[Date "2004.11.20"]
[Round "2"]
[White "Magnusson,Gu"]
[Black "Ehlvest,J"]
[Result "0-1"]
[WhiteElo "2110"]
[BlackElo "2631"]

1.d4 Nf6 2.c4 e6 3.Nc3 Bb4 4.e3 O-O 5.Ne2 d5 6.a3 Be7 7.cxd5 exd5 8.Nf4 c6
9.Bd3 Re8 10.O-O Nbd7 11.b4 Bd6 12.Nfe2 Ne4 13.Bxe4 dxe4 14.Ng3 Qh4 15.d5 Be5
16.Bb2 Nf6 17.Qd2 Rd8 18.Nce2 Rxd5 19.Qc2 Ng4 20.h3 Nxe3 21.fxe3 Bxg3 22.Nxg3 Qxg3
23.Qf2 Qg6 24.Kh1 b6 25.Rfd1 Rd3 26.a4 Qd6 27.Rxd3 exd3 28.Qd2 Bf5 29.Rc1 Be4
30.Rf1 Qg3 31.Kg1 Rd8 32.Bc3 Rd5 33.Qf2 Qg6 34.Kh2 Rf5 35.Qg1 Qd6+ 36.g3 Qd5
37.Rf4  0-1

[Event "TCh-ISL 2004-5"]
[Site "Reykjavik ISL"]
[Date "2004.11.20"]
[Round "3"]
[White "Ehlvest,J"]
[Black "Jensson,E"]
[Result "1-0"]
[WhiteElo "2631"]
[BlackElo "2211"]

1.e4 e5 2.Nf3 Nc6 3.Bb5 a6 4.Ba4 Nf6 5.O-O b5 6.Bb3 Be7 7.d4 d6 8.c3 O-O
9.h3 Bb7 10.Nbd2 Re8 11.a3 Bf8 12.Re1 h6 13.Bc2 Nb8 14.b3 c5 15.d5 Nbd7 16.a4 Qc7
17.Ra2 Nb6 18.Qe2 bxa4 19.bxa4 a5 20.c4 Ba6 21.Bd3 Qd7 22.Qd1 Reb8 23.Qc2 Bc8
24.Nb1 Ne8 25.Nc3 Nc7 26.Ra3 Na6 27.Qd1 Nb4 28.Bf1 Qd8 29.Nd2 f5 30.exf5 Bxf5
31.Nde4 Ra7 32.g4 Bg6 33.g5 Nc8 34.h4 Ne7 35.Bh3 Bf5 36.Nb5 Rd7 37.gxh6 Bxh3
38.Rxh3 Nf5 39.Qg4 Nc2 40.Qxf5 Nxe1 41.Rg3 Kh8 42.Ng5  1-0

[Event "ch-Marshall CC"]
[Site "New York USA"]
[Date "2004.12.11"]
[Round "1"]
[White "Ehlvest,J"]
[Black "Privman,B"]
[Result "1-0"]
[WhiteElo "2631"]
[BlackElo "2302"]

1.e4 d6 2.d4 e5 3.Nf3 Nd7 4.Bc4 c6 5.O-O Be7 6.dxe5 dxe5 7.Ng5 Bxg5 8.Qh5 Qe7
9.Qxg5 Qxg5 10.Bxg5 Ngf6 11.f3 Nc5 12.Rd1 Be6 13.Bf1 Nfd7 14.a4 f6 15.Be3 a5
16.b3 Ke7 17.Na3 b6 18.Bc4 Rab8 19.Rd2 Rhc8 20.Rad1 Rc7 21.h4 h5 22.Kf2 g6
23.g3 Nb7 24.Be2 Ndc5 25.Bc4 Bxc4 26.Nxc4 b5 27.Nxa5 bxa4 28.b4 Nd7 29.Rxd7+  1-0

[Event "ch-Marshall CC"]
[Site "New York USA"]
[Date "2004.12.12"]
[Round "2"]
[White "Shapiro,D"]
[Black "Ehlvest,J"]
[Result "0-1"]
[WhiteElo "2264"]
[BlackElo "2631"]

1.d4 Nf6 2.c4 e6 3.g3 Bb4+ 4.Bd2 Be7 5.Bg2 d5 6.Nf3 O-O 7.O-O c6 8.Qc2 b6
9.Bf4 Ba6 10.b3 Nbd7 11.Rd1 h6 12.Nc3 Rc8 13.e4 dxc4 14.bxc4 Bxc4 15.Nd2 Ba6
16.Qa4 Bd3 17.Qxa7 Bb4 18.Ndb1 Bxb1 19.Nxb1 Nc5 20.Nd2 Ra8 21.Qc7 Bxd2 22.dxc5 Bxf4
23.Qxf4 Qb8 24.Qd6 Rc8 25.cxb6 Qxb6 26.Rdb1 Qa5 27.Rb2 Ra7 28.h3 Rd7 29.Qb4 Qe5
30.f4 Qh5 31.Qc3 Rcd8 32.e5 Nd5 33.Qxc6 Qg6 34.Kh2 Rc7 35.Qa4 Rc3 36.g4 Qd3
37.Rf1 Qg3+ 38.Kg1 Ne3 39.Qa5 Rdc8 40.Rbf2 Nxf1  0-1

[Event "ch-Marshall CC"]
[Site "New York USA"]
[Date "2004.12.13"]
[Round "3"]
[White "Ehlvest,J"]
[Black "Gonzales,Jay"]
[Result "1/2-1/2"]
[WhiteElo "2631"]
[BlackElo "2422"]

1.e4 Nc6 2.Nf3 d5 3.exd5 Qxd5 4.Nc3 Qa5 5.h3 e5 6.Bc4 Bb4 7.Ng5 Nh6 8.Nd5 Ne7
9.Nxb4 Qxb4 10.Qe2 Bf5 11.O-O f6 12.c3 Qd6 13.Nf3 Be6 14.Bxe6 Qxe6 15.d4 Nf7
16.dxe5 fxe5 17.Re1 O-O-O 18.Bg5 Rhe8 19.Bh4 Rd7 20.Bxe7 Rexe7 21.Qe3 Qa6
22.a4 Kb8 23.Qe4 Qd3 24.Re3 Qxe4 25.Rxe4 Rd8 26.Rae1 Rde8 27.h4 g6 28.g3 c6
29.Kg2 h5 30.b4 Kc7 31.c4 c5 32.bxc5 Kc6 33.Rd1 Kxc5 34.Rd5+ Kc6 35.a5 b6
36.Re3 Kc7 37.Nd2 e4 38.Nb3 Re5 39.axb6+ axb6 40.Rxe5  1/2-1/2

[Event "ch-Marshall CC"]
[Site "New York USA"]
[Date "2004.12.17"]
[Round "7"]
[White "Shevelev,D"]
[Black "Ehlvest,J"]
[Result "0-1"]
[WhiteElo "2299"]
[BlackElo "2631"]

1.e4 c5 2.Nf3 e6 3.g3 d6 4.Bg2 Nf6 5.d3 Be7 6.O-O O-O 7.Re1 Nc6 8.c3 Bd7
9.d4 cxd4 10.cxd4 d5 11.e5 Ne4 12.Nbd2 Nxd2 13.Bxd2 Qb6 14.Bc3 a5 15.h4 a4
16.Ng5 h6 17.Nh3 f6 18.f4 a3 19.Rb1 Qc7 20.Re3 axb2 21.Rxb2 b5 22.f5 fxe5
23.fxe6 Bxe6 24.Nf4 exf4 25.Rxe6 f3 26.Qb3 Rad8 27.Qxb5 Rf6 28.Rxf6 Bxf6
29.Bxf3 Nxd4 30.Bxd5+ Kh8 31.Qc4 Qxg3+ 32.Rg2 Qe5 33.Bb7 Qf4 34.Qf1 Qe3+  0-1